01166nas a22002297a 450000500170000000700150001700800410003202200140007304000090008708200150009621000070011124500820011826000790020030000160027931000150029536500160031050005070032665000450083365100100087865500140088885600340090220200515102251.0cz aa aaaaaaaa200425c b||poo||||o00| 0 eng d a0976-8175 coclc a420bJOU/E aCJ aThe Criterion :bAn International Journal In Englishhe-Journal (Open Access) aKolhapur, MaharashtrabResearch Center for English Language and Literature aPDF(online) aBi-Monthly eOpen Access aThe Criterion is a refereed e-journal designed to publish theoretical and research articles in English Literature and Language, Humanities and Social Sciences. The Criterion encourages interpretative criticism and fresh insights into new and established authors and texts and seeks to generate a serious debate on different multidisciplinary academic issues. We also encourage literary contributions in the form of original as well as translated poetry and fiction, book reviews and author interviews. 0aLanguagevEnglish & Old EnglishxEnglish 0aIndia 0ae-Journal uhttp://www.the-criterion.com/